| 000 | 00593nam a2200205 u 4500 | ||
|---|---|---|---|
| 005 | 20231012063720.0 | ||
| 008 | 130219s2011 mx r 000 0 spa d | ||
| 020 | _a9786077750277 | ||
| 035 | _aUPN01000189694 | ||
| 049 | _aCG | ||
| 050 | 4 |
_aPC4410 _bB4.2 |
|
| 100 | 1 |
_aBello Arenas, Manuel _933490 |
|
| 245 | 1 | 0 |
_aComprensión lectora y redacción / _cManuel Bello Arenas. |
| 260 |
_aMéxico : _bQuinto Sol, _c2011. |
||
| 300 |
_a284 p. : _bcuadros |
||
| 650 | 4 |
_aEspañol _xEjercicios de redacción _910742 |
|
| 650 | 4 |
_aComprensión lectora _91537 |
|
| 905 | _aLibro | ||
| 999 |
_c161797 _d161797 |
||